2019-20 UEFA Europa League Results - Statistics

General Stats
  • This quiz has been taken 294 times
  • The average score is 22 of 32
Answers on the Map
Answers color-coded by a green-red scale on the quiz's map according to % correct below.
 
Answer Stats
Club % Correct
๐Ÿ‡ช๐Ÿ‡ธ Sevilla
93%
๐Ÿ‡ฎ๐Ÿ‡น Inter Milan
89%
๐Ÿด๓ ง๓ ข๓ ฅ๓ ฎ๓ ง๓ ฟ Manchester United
87%
๐Ÿด๓ ง๓ ข๓ ฅ๓ ฎ๓ ง๓ ฟ Arsenal
86%
๐Ÿ‡ณ๐Ÿ‡ฑ Ajax
85%
๐Ÿ‡ต๐Ÿ‡น Benfica
85%
๐Ÿ‡ต๐Ÿ‡น Porto
84%
๐Ÿ‡ณ๐Ÿ‡ฑ AZ
79%
๐Ÿ‡ฌ๐Ÿ‡ท Olympiacos
79%
๐Ÿ‡ฎ๐Ÿ‡น Roma
78%
๐Ÿ‡ต๐Ÿ‡น Sporting CP
75%
๐Ÿด๓ ง๓ ข๓ ณ๓ ฃ๓ ด๓ ฟ Rangers
73%
๐Ÿ‡บ๐Ÿ‡ฆ Shakhtar Donetsk
73%
๐Ÿ‡ฉ๐Ÿ‡ช Bayer 04 Leverkusen
72%
๐Ÿ‡ต๐Ÿ‡น Braga
72%
๐Ÿด๓ ง๓ ข๓ ณ๓ ฃ๓ ด๓ ฟ Celtic
72%
๐Ÿ‡ง๐Ÿ‡ช Club Brugge
72%
๐Ÿ‡ฉ๐Ÿ‡ฐ Copenhagen
72%
๐Ÿ‡จ๐Ÿ‡ญ Basel
69%
๐Ÿ‡จ๐Ÿ‡พ APOEL
67%
๐Ÿ‡ฆ๐Ÿ‡น Red Bull Salzburg
67%
๐Ÿด๓ ง๓ ข๓ ฅ๓ ฎ๓ ง๓ ฟ Wolverhampton Wanderers
65%
๐Ÿ‡ง๐Ÿ‡ช Gent
63%
๐Ÿ‡ธ๐Ÿ‡ช Malmรถ
57%
๐Ÿ‡ท๐Ÿ‡ด CFR Cluj
55%
๐Ÿ‡ง๐Ÿ‡ฌ Ludogorets
55%
๐Ÿ‡ฉ๐Ÿ‡ช Eintracht Frankfurt
54%
๐Ÿ‡ช๐Ÿ‡ธ Getafe
53%
๐Ÿ‡ฉ๐Ÿ‡ช Wolfsburg
52%
๐Ÿ‡ฆ๐Ÿ‡น LASK
46%
๐Ÿ‡น๐Ÿ‡ท ฤฐstanbul BaลŸakลŸehir
43%
๐Ÿ‡ช๐Ÿ‡ธ Espanyol
39%
No matching quizzes found
Score Distribution
Percent of People with Each Score
Percentile by Number Answered
Your Score History
You have not taken this quiz